Egyházunk püspöke jubilált Rimaszombat

Bibliographic Details
Format: Article
Language:Hungarian
ISSN:1335-7298
Subjects:

MARC

LEADER 00000nab a2200000 ar4500
001 vtls009003490
003 SK-MaSNL
005 20260319071257.0
008 070521c2007 xo ||||||h| 000 b|hun
015 |a SNBRB2007/05  |2 snkbucl 
038 |a SNKBUCL 
040 |a DSZK  |b slo  |c DSZK  |e AACR2 
041 0 |a hun 
044 |a xo  |c SK 
080 |a 2-051:284.2:061.7  |2 1997 
080 |a 284.2  |2 1997 
080 |a 929 Erdélyi, Géza  |2 1997 
245 0 0 |a Egyházunk püspöke jubilált  |b Rimaszombat  |c [szerző] -akb- 
500 |a Článok bol publikovaný aj v časopise Kalvínske hlasy. - Roč. LXXVIII, č. 5 (2007), s. 3 
600 1 7 |a Erdélyi, Géza,  |d 1937-  |2 snkbucl  |9 102301 
648 7 |a 2007  |2 snkbucl  |9 313226 
648 7 |a 14.4.2007  |2 snkbucl  |9 1065818 
651 7 |a Rimavská Sobota (Slovensko)  |2 snkbucl  |9 28655 
773 0 |t Kálvinista szemle  |g Évf. LXXVIII, sz. 5 (2007), o. 14  |x 1335-7298 
852 |a SNK  |b KIS3GCP 
852 |a DSZK  |b KIS3GCP 
958 |a HU 
958 |a BX 
958 |a NT 
999 |c 1751733  |d 1753663